| 000 | 00403nam a22001697a 4500 | ||
|---|---|---|---|
| 005 | 20160616143417.0 | ||
| 008 | 160616b xxu||||| |||| 00| 0 eng d | ||
| 020 | _a981-243-103-9 | ||
| 041 | _aeng | ||
| 082 | _b8011 | ||
| 100 |
_aGrundy, Tony and Brown Loura _92131 |
||
| 245 | _aStrategic Project Management | ||
| 260 |
_bThomson _c2003 |
||
| 300 | _a246 | ||
| 650 |
_aManagement _9241 |
||
| 942 | _cBK | ||
| 999 |
_c2980 _d2979 |
||